Bố già = The Godfather : Tiểu thuyết
Đã lưu trong:
| 主要作者: | |
|---|---|
| 其他作者: | |
| 格式: | 圖書 |
| 語言: | Vietnamese |
| 出版: |
H.
Nxb. Thời Đại
2010
|
| 主題: | |
| 標簽: |
添加標簽
沒有標簽, 成為第一個標記此記錄!
|
| Thư viện lưu trữ: | Mạng thư viện Đại học Đà Nẵng |
|---|
| LEADER | 01088nam a2200337 4500 | ||
|---|---|---|---|
| 001 | 000005132 | ||
| 003 | 1275 | ||
| 005 | 20120507100515.0 | ||
| 008 | 110810s2010 viesd | ||
| 020 | |c 95000đ | ||
| 041 | 0 | |a vie | |
| 082 | |a 853 |b PU-M | ||
| 100 | 1 | |a Puzo, Mario | |
| 245 | 0 | |a Bố già |b = The Godfather : Tiểu thuyết |c Mario Puzo ; Đặng Phi Bằng dịch | |
| 260 | |a H. |b Nxb. Thời Đại |c 2010 | ||
| 300 | |a 618 tr |c 20 cm | ||
| 653 | |a Văn học hiện đại | ||
| 653 | |a Italia | ||
| 653 | |a Tiểu thuyết | ||
| 700 | |a Đặng Phi Bằng |e dịch | ||
| 910 | |a Nguyễn Thị Kim Oanh |d 10/ 08/ 2011 | ||
| OWN | |a LSP | ||
| AVA | |a UDN50 |b LSP |d 853 PU-M |e available |t Error 5001 Not defined in file expand_doc_bib_avail. |f 4 |g 0 |h N |i 0 |k 1 | ||
| 999 | |a From the UDN01 | ||
| AVA | |a UDN50 |b LSP |d 853 PU-M |e available |t Error 5001 Not defined in file expand_doc_bib_avail. |f 4 |g 0 |h N |i 0 |k 1 | ||
| TYP | |a Monograph | ||
| TYP | |a Printed language | ||
| 980 | |a Mạng thư viện Đại học Đà Nẵng | ||